000 00691nam a2200217Ii 4500
003 JO-AjNU
008 230605s9999||||xx |||||||||||||| ||und||
017 _a2005/12/2913
040 _aJO-AjNU
_bara
_erda
_cJO-AjNU
041 _aara
050 1 4 _aPJ7824.A86.A15 2005
100 3 _aتأليف فايز،محمود,
_eauthor
_911260
245 0 0 _aالأعمال الكاملة
250 _aط1
264 3 1 _aعمان:البنك الأهلي الأردني،2006
300 _a383ص
336 _atext
_btxt
_2rdacontent
337 _aunmediated
_bn
_2rdamedia
338 _avolume
_bnc
_2rdacarrier
650 4 _aالأدب العربي - الأردن - القرن العشرين
_911261
999 _aA2232
_c5800
_d5800